A natural reaction (Record no. 65003)

MARC details
000 -LEADER
fixed length control field 01341cam a2200229 4500
001 - CONTROL NUMBER
control field ABS63003
008 - FIXED-LENGTH DATA ELEMENTS--GENERAL INFORMATION
fixed length control field 000000n2000 000 0 eng u
035 ## - SYSTEM CONTROL NUMBER
System control number (Sirsi) u108885
100 ## - MAIN ENTRY--PERSONAL NAME
Personal name Helps, D.
245 #2 - TITLE STATEMENT
Title A natural reaction
260 ## - PUBLICATION, DISTRIBUTION, ETC.
Date of publication, distribution, etc. 2000
490 ## - SERIES STATEMENT
Series statement Building
Volume/sequential designation 265(8156) 6 October 2000, 88(1)
520 ## - SUMMARY, ETC.
Summary, etc. Considers the debate over the issue of the extent to which an adjudicator must act judicially and comply with the rules of natural justice. Looks at the decision in "Discain Project Services Limited v Opecprime Development Ltd", which will be welcomed by critics of this new form of dispute resolution. Judge Bowscher identified two types of breach of natural justice: procedural errors, which have no demonstrable effect on the outcome of the adjudication; and more significant breaches of the rules of natural justice that can obviously influence the decision.
590 ## - LOCAL NOTE (RLIN)
Local note ABS
650 ## - SUBJECT ADDED ENTRY--TOPICAL TERM
Topical term or geographic name entry element DISCAIN PROJECT SERVICES LTD V OPECPRIME DEVELOPMENT LTD
650 ## - SUBJECT ADDED ENTRY--TOPICAL TERM
Topical term or geographic name entry element MANAGEMENT-DISPUTE AVOIDANCE, MANAGEMENT AND RESOLUTION-DISPUTE MANAGEMENT AND RESOLUTION-ALTERNATIVE DISPUTE RESOLUTION-ADJUDICATION
650 ## - SUBJECT ADDED ENTRY--TOPICAL TERM
Topical term or geographic name entry element NATURAL JUSTICE
650 ## - SUBJECT ADDED ENTRY--TOPICAL TERM
Topical term or geographic name entry element MACOB CIVIL ENGINEERING LTD V MORRISON CONSTRUCTION LTD
650 ## - SUBJECT ADDED ENTRY--TOPICAL TERM
Topical term or geographic name entry element BOUYGUES UK LTD V DAHL-JENSEN UK LTD
690 ## - LOCAL SUBJECT ADDED ENTRY--TOPICAL TERM (OCLC, RLIN)
Topical term or geographic name as entry element Dispute resolution
9 (RLIN) 6236
942 ## - ADDED ENTRY ELEMENTS (KOHA)
Suppress in OPAC 0
Holdings
Withdrawn status Lost status Source of classification or shelving scheme Damaged status Not for loan Home library Current library Shelving location Date acquired Total Checkouts Full call number Barcode Date last seen Copy number Price effective from Koha item type
    Dewey Decimal Classification     London London Journal article 20/10/2000   ABS63003 108885-1001 06/08/2019 1 06/08/2019 Journal article